The business of venture capital : insights from leading practitioners on the art of raising a fund, deal structuring, value creation, and exit strategies /

"The definitive guide to demystifying the venture capital businessThe Business of Venture Capital, Second Edition covers the entire spectrum of this field, from raising funds and structuring investments to assessing exit pathways. Written by a practitioner for practitioners, the book provides t...

Full description

Bibliographic Details
Main Author: Ramsinghani, Mahendra
Format: eBook
Language:English
Published: Hoboken, New Jersey : John Wiley & Sons, [2014]
Edition:Second edition.
Series:Wiley finance series.
Subjects:
Online Access:Full Text via HEAL-Link
LEADER 04542nam a2200721 4500
001 ocn881386653
003 OCoLC
005 20170124071220.7
006 m o d
007 cr cnu||||||||
008 140313s2014 njua ob 001 0 eng
010 |a  2014010326 
040 |a DLC  |b eng  |e rda  |e pn  |c DLC  |d YDX  |d EBLCP  |d N$T  |d YDXCP  |d DEBSZ  |d OCLCF  |d DG1  |d UMI  |d STF  |d E7B  |d B24X7  |d ORU  |d COO  |d OCLCQ  |d DEBBG  |d GrThAP 
019 |a 889308012  |a 893436678  |a 927509257  |a 961569357  |a 962663499 
020 |a 9781118926611  |q (epub) 
020 |a 1118926617  |q (epub) 
020 |a 9781118926642  |q (pdf) 
020 |a 1118926641  |q (pdf) 
020 |a 9781118931646 
020 |a 1118931645 
020 |a 1118752198 
020 |a 9781118752197 
020 |z 9781118752197  |q (hardback) 
029 1 |a CHBIS  |b 010259770 
029 1 |a CHNEW  |b 000686272 
029 1 |a CHVBK  |b 325940681 
029 1 |a CHVBK  |b 331889552 
029 1 |a DEBSZ  |b 410564834 
029 1 |a DEBSZ  |b 431724768 
029 1 |a NZ1  |b 15920746 
029 1 |a DEBSZ  |b 44943821X 
029 1 |a DEBBG  |b BV043610997 
029 1 |a DEBBG  |b BV043396878 
035 |a (OCoLC)881386653  |z (OCoLC)889308012  |z (OCoLC)893436678  |z (OCoLC)927509257  |z (OCoLC)961569357  |z (OCoLC)962663499 
037 |a CL0500000490  |b Safari Books Online 
042 |a pcc 
050 0 0 |a HG4751 
072 7 |a BUS  |x 027000  |2 bisacsh 
082 0 0 |a 332/.04154068  |2 23 
049 |a MAIN 
100 1 |a Ramsinghani, Mahendra. 
245 1 4 |a The business of venture capital :  |b insights from leading practitioners on the art of raising a fund, deal structuring, value creation, and exit strategies /  |c Mahendra Ramsinghani. 
250 |a Second edition. 
264 1 |a Hoboken, New Jersey :  |b John Wiley & Sons,  |c [2014] 
300 |a 1 online resource (xxiii, 408 pages) :  |b illustration. 
336 |a text  |b txt  |2 rdacontent 
337 |a computer  |b c  |2 rdamedia 
338 |a online resource  |b cr  |2 rdacarrier 
490 1 |a Wiley finance series 
500 |a Includes index. 
588 0 |a Print version record and CIP data provided by publisher. 
504 |a Includes bibliographical references and index. 
520 |a "The definitive guide to demystifying the venture capital businessThe Business of Venture Capital, Second Edition covers the entire spectrum of this field, from raising funds and structuring investments to assessing exit pathways. Written by a practitioner for practitioners, the book provides the necessary breadth and depth, simplifies the jargon, and balances the analytical logic with experiential wisdom. Starting with a Foreword by Mark Heesen, President, National Venture Capital Association (NVCA), this important guide includes insights and perspectives from leading experts. Covers the process of raising the venture fund, including identifying and assessing the Limited Partner universe; fund due-diligence criteria; and fund investment terms in Part One Discusses the investment process, including sourcing investment opportunities; conducting due diligence and negotiating investment terms; adding value as a board member; and exploring exit pathways in Part Two Offers insights, anecdotes, and wisdom from the experiences of best-in-class practitioners Includes interviews conducted by Leading Limited Partners/Fund-of-Funds with Credit Suisse, Top Tier Capital Partners, Grove Street Advisors, Rho Capital, Pension Fund Managers, and Family Office Managers Features the insights of over twenty-five leading venture capital practitioners, frequently featured on Forbes' Midas List of top venture capitalists Those aspiring to raise a fund, pursue a career in venture capital, or simply understand the art of investing can benefit from The Business of Venture Capital, Second Edition. The companion website offers various tools such as GP Fund Due Diligence Checklist, Investment Due Diligence Checklist, and more, as well as external links to industry white papers and other industry guidelines"--  |c Provided by publisher. 
650 0 |a Venture capital. 
650 7 |a BUSINESS & ECONOMICS  |x Finance.  |2 bisacsh 
650 7 |a Venture capital.  |2 fast  |0 (OCoLC)fst01165298 
650 4 |a Venture capital. 
655 4 |a Electronic books. 
655 0 |a Electronic books. 
776 0 8 |i Print version:  |a Ramsinghani, Mahendra.  |t Business of venture capital.  |b Second edition.  |d Hoboken, New Jersey : John Wiley & Sons, [2014]  |z 9781118752197  |w (DLC) 2014007536 
830 0 |a Wiley finance series. 
856 4 0 |u https://doi.org/10.1002/9781118931646  |z Full Text via HEAL-Link 
994 |a 92  |b DG1